000 00486nam a2200157Ia 4500
008 100122s9999 xx 000 0 und d
082 _b55190
_a823
100 _aभोसले द ता
245 _aमी आणि माझा बाप
250 _a2
260 _bमेहता पब्लिकेशन हाऊस
_c1998
300 _a157
630 _aमी आणि माझा बाप
730 _aमी आणि माझा बाप
942 _cBOOK
999 _c431865
_d431862